000 00979 a2200229 4500
003 BJBSDDR
005 20260409145834.0
007 ta
008 260409s2025 dr 00| 0 spa d
020 _a9789945510928
020 _a9945510924
040 _bspa
_cBJBSDDR
041 _aspa
050 _bB654p 2025
100 1 _aBlonda, Marcos A,
_d1967-
_947865
245 1 0 _aPoemas de oficio diario /
_cMarcos A. Blonda.
260 _aSanto Domingo :
_bEditora Nacional,
_c2025.
300 _a105 páginas ;
_c23 cm.
520 _aEste poemario de Marcos A. Blonda utiliza la arquitectura y la ciudad como metáforas para explorar la soledad, el silencio y un amor que parece desvanecerse en lo cotidiano. A través de versos sugerentes y elegantes, el autor transforma los ritos diarios en una experiencia poética profunda y melancólica, invitando al lector a descifrar los misterios de la vida urbana y la búsqueda espiritual.
942 _2lcc
_cBK
_n0
946 _irmza
999 _c126759
_d126759